| 000 | 00694nam a2200217Ia 4500 | ||
|---|---|---|---|
| 005 | 20230520104216.0 | ||
| 008 | 210716s2010 xx 000 0 und d | ||
| 020 | _a9789350230718 | ||
| 040 | _cAIMIT LIBRARY | ||
| 041 | _aeng | ||
| 082 |
_a004.602 _21 _bFIRM |
||
| 100 |
_aFirtman, Maximiliano. _9109906 |
||
| 245 |
_aProgramming the mobile web / _cBy Maximiliano Firtman. |
||
| 250 | _a1st ed. | ||
| 260 |
_aNew Delhi : _bShroff Publishers and Distributors Pvt Ltd , _c2010. |
||
| 300 |
_axx,487p. ; _bPB _c22.5 cm. |
||
| 650 |
_aSetting up your environment _9109907 |
||
| 650 |
_aCoding markup _9109908 |
||
| 650 |
_aGeolocation and maps _9109909 |
||
| 942 |
_2ddc _cBK _e1st _k004.602 FIRM |
||
| 999 |
_c193484 _d193484 |
||